000 00462nam a2200181Ia 4500
001 3439
005 20260306145643.0
008 260306t2010||||xx |||||||||||||| ||spa||
041 _aESP
082 _a278.02
_bM41
100 _aPadre Meléndez, Juan, OP de la Orden de los Dominicos
_eAUT
245 0 _aTesoros verdaderos de las Yndias
260 _c2010
300 _a143 páginas :
_c21 cm.
650 _aGEN
654 _aCHU
942 _cLIB
_dJUS
_fJUS
_2ddc
_n
999 _c3439
_d3439